000 00645nam a22002177a 4500
003 UA-OsUOA
001 97244
007 ta
008 20130327b un ||||| |||| 00| 0 ukr d
100 _aФедулова Л.
090 _a330(477)
_bФ34
942 _cSA
040 _aUA-OsUOA
_bukr
_cUA-OsUOA
_dUA-OsUOA
245 _aІнвестиційна політика технологічного розвитку промиловості України
300 _aС.30-36
955 _a0
041 _aukr
080 _a330(477)
773 0 _w97232
_tЕкономіст
_dК.
_d2013
_g2
650 7 _a330 Економіка взагалі
_2UDC
999 _c383494
_d383494